000 00329nam a2200133Ia 4500
008 221030s9999 xx 000 0 und d
041 _aEnglish
100 _aK. Hwang
245 0 _aComputer Archintecture & Parallel Processing
_cby K. Hwang, F. A. Briggs
260 _c0
650 _aB
700 _aF. A. Briggs
942 _cBK
999 _c17568
_d17568